01536cam a2200289 a 450000100090000000300040000900500170001300800410003001000170007102000300008804000120011804200150013004300210014505000150016610000230018124501000020426000490030430000340035350400640038750506110045165000320106265000310109465000290112565000280115465000330118265000310121516633657OSt20221122142605.0110202s2010 gh a b 001 0 eng  a 2011342232 a9781450734035 (paperback) aDLCcLC apccalcode af-----af-gh----00aHG1325.B321 aBawumia, Mahamudu.10aMonetary policy and financial sector reform in Africa :Ghana's experience. /cMahamudu Bawumia. aGhana:c2010fCombert Impressions Ghana Ltd. axviii, 248 p. :bill.;c23cm. aIncludes bibliographical references (p. 231-243) and index. aContents: Directs controls and the evolution of Ghana's financial sector (1957- 1983) -- Indirect monetary policy instruments regime -- Financial sector reform:1984- 2000 -- Inflation targeting -- Financial sector reform: 2001- 2008 -- Payments and settlement system reform in Ghana -- Redenomination of the cedi -- Ghana's debut sovreign bond issue -- Macroeconomic performance under the inflation targeting regime 2001- 2008 -- Two monetary policy regimes, two external shocks and two macroeconomic outcomes (1993-2008) -- Impact of finanical sector reforms on financial sector developments (1984- 2008). 0aMonetary reformerszAfrica. 0aMonetary reformerszGhana. 0aMonetary policyzAfrica. 0aMonetary policyzGhana. 0aFinancezAfricaxCongresses. 0aFinancezGhanaxCongresses